Länder versteckt in einer Nachricht - Statistiken

Allgemein
  • Dieses Quiz wurde 109 mal gespielt
  • Das Durchschnittsergebnis liegt bei 12 aus 17
Antwortstatistiken
Country % Korrekt
Indien
84%
Italien
83%
Bhutan
82%
Philippinen
79%
Finnland
78%
Norwegen
73%
Suriname
73%
Gabun
71%
Nepal
71%
Niederlande
70%
China
66%
Mali
65%
Türkei
65%
Haiti
64%
Taiwan
64%
Tonga
62%
Angola
58%
Keine übereinstimmenden Quizze gefunden
Verteilung der Resultate
Anzahl Personen mit jedem Resultat
Perzentil nach korrekt beantworteten Fragen
Ihre Resultats-Entwicklung
Sie haben dieses Quiz noch nicht gespielt